[Event "Hamar op A"]
[Site "Hamar"]
[Date "2014.11.20"]
[Round "8"]
[White "Kanstad, Jan Magnus"]
[Black "Solbakken, Jan Borge"]
[Result "0-1"]
[WhiteElo "1370"]
[BlackElo "1568"]
[PlyCount "54"]
[EventDate "2014.09.04"]
[EventType "tourn"]
[EventRounds "9"]
[EventCountry "NOR"]
[SourceTitle "EXT 2024"]
[Source "ChessBase"]
[SourceDate "2023.10.10"]
[SourceVersion "1"]
[SourceVersionDate "2023.10.10"]
[SourceQuality "1"]

1. d4 Nf6 2. c4 e6 3. Nc3 d5 4. Nf3 Be7 5. e3 b6 6. Be2 Bb7 7. 0-0 0-0 8. h3 Nbd7 9. cxd5 Nxd5 10. Nxd5 Bxd5 11. Nh2 e5 12. dxe5 Nxe5 13. Ng4 Nxg4 14. Bxg4 Bc4 15. Qxd8 Raxd8 16. Rd1 Rxd1+ 17. Bxd1 Rd8 18. Bf3 Bf6 19. e4 c5 20. a4 Bb3 21. Be3 c4 22. a5 Bxb2 23. axb6 Bxa1 24. bxa7 Be5 25. Be2 c3 26. f4 c2 27. fxe5 Ra8 0-1

[Event "Hamar op"]
[Site "Hamar"]
[Date "2013.11.21"]
[Round "6"]
[White "Jotun, Jan"]
[Black "Solbakken, Jan Borge"]
[Result "1/2-1/2"]
[WhiteElo "1646"]
[BlackElo "1572"]
[PlyCount "96"]
[EventDate "2013.08.29"]
[EventType "swiss"]
[EventRounds "7"]
[EventCountry "NOR"]
[SourceTitle "EXT 2024"]
[Source "ChessBase"]
[SourceDate "2023.10.10"]
[SourceVersion "1"]
[SourceVersionDate "2023.10.10"]
[SourceQuality "1"]

1. d4 Nf6 2. Nf3 g6 3. c4 d5 4. Nc3 Bg7 5. h3 c6 6. e3 Bf5 7. cxd5 cxd5 8. Bb5+ Nbd7 9. Ne5 a6 10. Bxd7+ Nxd7 11. Nxd7 Qxd7 12. 0-0 0-0 13. Bd2 Rac8 14. Rc1 Rc6 15. Be1 g5 16. f3 Rfc8 17. g4 Bg6 18. Bg3 b5 19. Qd2 Qe6 20. a3 a5 21. Rce1 b4 22. axb4 axb4 23. Nd1 Bc2 24. Nf2 Rc4 25. Nd3 Bxd3 26. Qxd3 Qh6 27. Kh2 Qa6 28. Rf2 Qa2 29. Qf5 Rc1 30. f4 e6 31. Rxc1 Rxc1 32. Qxg5 f6 33. Qh5 Kf8 34. g5 Qb1 35. Qf3 b3 36. gxf6 Bxf6 37. f5 Rc2 38. fxe6 Rxf2+ 39. Qxf2 Qc2 40. Bd6+ Ke8 41. Kg1 Qb1+ 42. Qf1 Qg6+ 43. Kh2 Qc2+ 44. Kg1 Qg6+ 45. Qg2 Qb1+ 46. Kh2 Qc2 47. Kg1 Qb1+ 48. Qf1 Qg6+ 1/2-1/2

[Event "Hamar op"]
[Site "Hamar"]
[Date "2013.09.19"]
[Round "2"]
[White "Eriksen, Leander"]
[Black "Solbakken, Jan Borge"]
[Result "0-1"]
[WhiteElo "768"]
[BlackElo "1572"]
[PlyCount "78"]
[EventDate "2013.08.29"]
[EventType "swiss"]
[EventRounds "7"]
[EventCountry "NOR"]
[SourceTitle "EXT 2024"]
[Source "ChessBase"]
[SourceDate "2023.10.10"]
[SourceVersion "1"]
[SourceVersionDate "2023.10.10"]
[SourceQuality "1"]

1. e4 c5 2. Bc4 Nc6 3. Nf3 d6 4. Nc3 e6 5. 0-0 Nf6 6. d3 Be7 7. Be3 d5 8. exd5 exd5 9. Nxd5 Nxd5 10. Qd2 h6 11. d4 Be6 12. dxc5 Nxe3 13. Qxe3 Bxc4 14. Rfd1 Qc7 15. Qc3 Qf4 16. Qxg7 Bf6 17. Qg3 Qxg3 18. hxg3 Be6 19. Rd6 Be7 20. Rd3 Bxc5 21. Rad1 Rg8 22. c3 Rd8 23. b4 Rxd3 24. Rxd3 Bb6 25. a4 a6 26. a5 Ba7 27. Nd4 Nxd4 28. cxd4 Kd7 29. d5 Bf5 30. Rf3 Rg5 31. Kh2 Bg6 32. Kh3 Rh5+ 33. Kg4 Rxd5 34. Rb3 Bxf2 35. Kf3 Bd4 36. Kg4 Bc2 37. Rf3 Bd1 38. Kh3 Bxf3 39. Kh2 Rh5# 0-1

[Event "Hedmark & Oppland Region-ch"]
[Site "Hamar"]
[Date "2012.05.12"]
[Round "2"]
[White "Brobakken, Geir"]
[Black "Solbakken, Jan Borge"]
[Result "1-0"]
[WhiteElo "1710"]
[BlackElo "1574"]
[PlyCount "115"]
[EventDate "2012.05.12"]
[EventType "swiss"]
[EventRounds "5"]
[EventCountry "NOR"]
[SourceTitle "EXT 2024"]
[Source "ChessBase"]
[SourceDate "2023.10.10"]
[SourceVersion "1"]
[SourceVersionDate "2023.10.10"]
[SourceQuality "1"]

1. e4 e5 2. Nc3 Nf6 3. Bc4 Bc5 4. d3 c6 5. Bg5 b5 6. Bb3 b4 7. Na4 Be7 8. Qf3 d6 9. h3 Bd7 10. Qe3 c5 11. Bxf6 gxf6 12. Bd5 Nc6 13. b3 Rg8 14. Ne2 Rxg2 15. Qf3 Rg7 16. Nb2 Qc7 17. Qh5 Nd4 18. Nxd4 cxd4 19. Nc4 Bc6 20. Bxc6+ Qxc6 21. 0-0-0 0-0-0 22. Rhg1 Rdg8 23. Rxg7 Rxg7 24. Qf5+ Kc7 25. h4 d5 26. exd5 Qxd5 27. Re1 Qe6 28. Qf3 Qa6 29. Kb1 Qc6 30. Re4 Rg1+ 31. Kb2 Qe6 32. Qe2 Bd6 33. Qh5 f5 34. Re2 Qf6 35. Qf3 e4 36. Rxe4 Qh6 37. Ne3 dxe3 38. Qxf5 Qg7+ 39. d4 e2 40. Qa5+ Kb7 41. Qd5+ Kc7 42. Rxe2 a6 43. Re8 Qg4 44. Ra8 Qd7 45. Ra7+ Kd8 46. Rxd7+ Kxd7 47. Qxf7+ Be7 48. f4 Kd6 49. Qxh7 Bf6 50. Qf5 Bxd4+ 51. c3 Rg2+ 52. Kc1 bxc3 53. Qe4 Rg1+ 54. Kc2 Kc5 55. Qe7+ Kd5 56. Qb7+ Kc5 57. f5 Rf1 58. b4+ 1-0

[Event "Hamar CC-ch A"]
[Site "Hamar"]
[Date "2012.05.03"]
[Round "9"]
[White "Jotun, Jan"]
[Black "Solbakken, Jan Borge"]
[Result "0-1"]
[WhiteElo "1630"]
[BlackElo "1574"]
[PlyCount "138"]
[EventDate "2012.01.05"]
[EventType "swiss"]
[EventRounds "9"]
[EventCountry "NOR"]
[SourceTitle "EXT 2024"]
[Source "ChessBase"]
[SourceDate "2023.10.10"]
[SourceVersion "1"]
[SourceVersionDate "2023.10.10"]
[SourceQuality "1"]

1. d4 d5 2. c4 Nf6 3. Nc3 e6 4. Bg5 Be7 5. Nf3 b6 6. e3 Bb7 7. h3 Nbd7 8. cxd5 Nxd5 9. Bxe7 Qxe7 10. Be2 Rd8 11. 0-0 0-0 12. Rc1 c5 13. Bb5 cxd4 14. Nxd4 Nxc3 15. Rxc3 Ne5 16. Qe2 Rc8 17. Rfc1 Rc5 18. f4 Ng6 19. Rxc5 bxc5 20. Nf3 Rd8 21. Rc3 Bxf3 22. Qxf3 Nh4 23. Qe2 Qb7 24. Rxc5 g6 25. Bc6 Qb4 26. Rc4 Qd2 27. Rc2 Qa5 28. a3 Nf5 29. Rc3 Ng3 30. Qb5 Rd1+ 31. Kf2 Qxb5 32. Bxb5 Ne4+ 33. Ke2 Nxc3+ 34. bxc3 Ra1 35. a4 a6 36. Bc6 Ra2+ 37. Kf3 Rc2 38. Bb7 a5 39. Ke4 Rxc3 40. Kd4 Rc2 41. Ke5 Re2 42. Kd4 Kf8 43. Kd3 Rb2 44. Bc6 Ke7 45. Kc3 Rb4 46. g4 Kd6 47. Be8 f6 48. h4 Kd5 49. Kd3 Rb3+ 50. Ke2 Rc3 51. Kf3 Rc1 52. Bf7 Rf1+ 53. Kg3 Ra1 54. Bg8 Rxa4 55. Kf3 Ra1 56. Bxh7 a4 57. Bxg6 a3 58. Bc2 Kc4 59. f5 exf5 60. Bxf5 Rf1+ 61. Ke4 Rxf5 62. Kxf5 a2 63. Kxf6 a1Q+ 64. Kf7 Qa7+ 65. Kg6 Kd5 66. g5 Qxe3 67. h5 Qe8+ 68. Kg7 Qxh5 69. g6 Ke5 0-1

[Event "Hamar CC-ch A"]
[Site "Hamar"]
[Date "2012.02.02"]
[Round "3"]
[White "Solbakken, Jan Borge"]
[Black "Brobakken, Geir"]
[Result "0-1"]
[WhiteElo "1574"]
[BlackElo "1724"]
[PlyCount "114"]
[EventDate "2012.01.05"]
[EventType "swiss"]
[EventRounds "9"]
[EventCountry "NOR"]
[SourceTitle "EXT 2024"]
[Source "ChessBase"]
[SourceDate "2023.10.10"]
[SourceVersion "1"]
[SourceVersionDate "2023.10.10"]
[SourceQuality "1"]

1. Nf3 d5 2. e3 Nf6 3. c4 e6 4. Nc3 c6 5. b3 Bd6 6. d4 0-0 7. Qc2 Nbd7 8. Bb2 a5 9. Rd1 Bb4 10. Bd3 Qe7 11. 0-0 Rd8 12. Ne2 Bd6 13. Ne5 Nf8 14. f4 Ne8 15. Ng3 f6 16. Nf3 c5 17. dxc5 Bxc5 18. Nd4 Bb6 19. Kh1 Kh8 20. Qc1 Nc7 21. Nf3 dxc4 22. Bxc4 Nd5 23. Ba3 Qf7 24. e4 Nb4 25. Rxd8 Bxd8 26. f5 Qe7 27. Qd2 Bc7 28. Nd4 Qd6 29. Qc3 exf5 30. Nb5 Qc5 31. Nxc7 Qxc7 32. Bxb4 axb4 33. Qxb4 Bd7 34. Bd5 f4 35. Ne2 g5 36. Rc1 Qe5 37. a4 Qb2 38. Qxb7 Re8 39. Qa6 Bg4 40. Re1 f3 41. gxf3 Bxf3+ 42. Kg1 Bxe4 43. Bxe4 Rxe4 44. Qc8 Kg8 45. Qc6 Qe5 46. a5 h5 47. a6 Rh4 48. Qg2 Rg4 49. Qxg4 hxg4 50. b4 Ng6 51. b5 Nh4 52. Kf2 Qc5+ 53. Kf1 Qe3 54. Ng1 Qd3+ 55. Kf2 Qxb5 56. Re6 Kf7 57. a7 Qc5+ 0-1

[Event "Hedmark & Oppland Region-ch"]
[Site "Hamar"]
[Date "2011.04.03"]
[Round "4"]
[White "Rygg, Snorre"]
[Black "Solbakken, Jan Borge"]
[Result "1/2-1/2"]
[WhiteElo "1275"]
[BlackElo "1565"]
[PlyCount "120"]
[EventDate "2011.04.02"]
[EventType "swiss"]
[EventRounds "5"]
[EventCountry "NOR"]
[SourceTitle "EXT 2024"]
[Source "ChessBase"]
[SourceDate "2023.10.10"]
[SourceVersion "1"]
[SourceVersionDate "2023.10.10"]
[SourceQuality "1"]

1. e4 c5 2. Nf3 Nc6 3. d4 cxd4 4. Nxd4 Nf6 5. Nc3 d6 6. Bc4 g6 7. f3 Bg7 8. Be3 0-0 9. Qd2 a6 10. 0-0-0 Qc7 11. Bb3 Na5 12. g4 Nxb3+ 13. Nxb3 Bd7 14. h4 Bc6 15. h5 Rac8 16. Bh6 Bxe4 17. Bxg7 Bxf3 18. Bxf8 Kxf8 19. hxg6 fxg6 20. g5 Bxh1 21. Rxh1 Qc6 22. Rf1 Kg7 23. gxf6+ exf6 24. Qd4 Rf8 25. Ne4 Qb5 26. c4 Qh5 27. Nbd2 Qe5 28. Qxd6 Qxd6 29. Nxd6 h5 30. Rg1 f5 31. Nf3 Kf6 32. Nh4 f4 33. Rxg6+ Ke7 34. Nhf5+ Kd7 35. Rh6 f3 36. Rxh5 f2 37. Ne3 f1Q+ 38. Nxf1 Rxf1+ 39. Kc2 Kxd6 40. Rd5+ Kc6 41. b4 Rf4 42. Kc3 Rf1 43. Rd2 b6 44. a4 Ra1 45. b5+ Kc7 46. Kb3 axb5 47. axb5 Rc1 48. Rc2 Rb1+ 49. Rb2 Rc1 50. Kb4 Kd6 51. Rd2+ Kc7 52. Rd5 Rb1+ 53. Ka3 Kc8 54. Rd6 Kc7 55. Rc6+ Kb7 56. Ka4 Ra1+ 57. Kb4 Rb1+ 58. Kc3 Rd1 59. c5 Rc1+ 60. Kd4 Rd1+ 1/2-1/2

[Event "Hedmark & Oppland Region-ch"]
[Site "Hamar"]
[Date "2011.04.02"]
[Round "3"]
[White "Rodvik, Trym Daniel"]
[Black "Solbakken, Jan Borge"]
[Result "1-0"]
[WhiteElo "1749"]
[BlackElo "1565"]
[PlyCount "103"]
[EventDate "2011.04.02"]
[EventType "swiss"]
[EventRounds "5"]
[EventCountry "NOR"]
[SourceTitle "EXT 2024"]
[Source "ChessBase"]
[SourceDate "2023.10.10"]
[SourceVersion "1"]
[SourceVersionDate "2023.10.10"]
[SourceQuality "1"]

1. e4 d5 2. exd5 Qxd5 3. Nf3 Nf6 4. d4 Bg4 5. Be2 e6 6. 0-0 Be7 7. c4 Qd8 8. Be3 c6 9. Nc3 Nbd7 10. h3 Bf5 11. Qa4 h6 12. Rfd1 0-0 13. b4 Nb6 14. Qb3 Ne4 15. Nxe4 Bxe4 16. Nd2 Bg6 17. Nb1 Bf6 18. Nc3 Qe7 19. f4 Nc8 20. Bf2 Rd8 21. Bf3 Qc7 22. g3 Ne7 23. Ne4 Bxe4 24. Bxe4 Rd7 25. Rd3 Rad8 26. Rad1 b6 27. Qc2 g6 28. Qa4 Bg7 29. Kg2 f5 30. Bf3 e5 31. fxe5 Bxe5 32. Qc2 Bg7 33. Qe2 Kh7 34. g4 f4 35. Qe4 Ng8 36. Qxc6 Qb8 37. c5 b5 38. d5 a5 39. bxa5 Rc7 40. Qb6 Rb7 41. d6 Rxb6 42. axb6 Be5 43. c6 Bxd6 44. c7 Bxc7 45. bxc7 Qxc7 46. Rxd8 Nf6 47. R8d6 Qe7 48. Bc6 Qf8 49. Rd7+ Nxd7 50. Rxd7+ Kg8 51. Bd5+ Kh8 52. Bd4+ 1-0

[Event "Hamar CC-ch"]
[Site "Hamar"]
[Date "2011.03.17"]
[Round "6"]
[White "Ormasen, Odd Steinar"]
[Black "Solbakken, Jan Borge"]
[Result "1-0"]
[WhiteElo "1625"]
[BlackElo "1565"]
[PlyCount "132"]
[EventDate "2011.01.06"]
[EventType "swiss"]
[EventRounds "9"]
[EventCountry "NOR"]
[SourceTitle "EXT 2024"]
[Source "ChessBase"]
[SourceDate "2023.10.10"]
[SourceVersion "1"]
[SourceVersionDate "2023.10.10"]
[SourceQuality "1"]

1. d4 Nf6 2. Nf3 e6 3. c4 b6 4. a3 Bb7 5. g3 c5 6. Bg2 cxd4 7. 0-0 Qc7 8. Qxd4 Nc6 9. Qd3 Be7 10. Nc3 Na5 11. Nb5 Qc6 12. Bf4 0-0 13. Bd6 Bxd6 14. Nxd6 Qc7 15. Rfd1 a6 16. Rac1 Nc6 17. b4 e5 18. Ng5 Nd8 19. Nxb7 Nxb7 20. Ne4 Rab8 21. Nxf6+ gxf6 22. Qxd7 Qc8 23. Qxc8 Rfxc8 24. Rd7 Nd8 25. Bd5 Kf8 26. Ra7 a5 27. bxa5 bxa5 28. Rxa5 Nc6 29. Ra4 Nd4 30. Kf1 Rb2 31. e3 Nb3 32. Rd1 e4 33. Ra7 Nd2+ 34. Kg2 Nxc4 35. Rxf7+ Ke8 36. Rxh7 Nxe3+ 37. Kg1 Nxd1 38. Rh8+ Kd7 39. Be6+ Kxe6 40. Rxc8 Nxf2 41. a4 Kf5 42. Rc3 Ke5 43. Ra3 Kd4 44. a5 e3 45. a6 Rb8 46. a7 Ra8 47. Kf1 Ne4 48. g4 Nc3 49. h4 Nb1 50. Ra1 Nd2+ 51. Ke2 Nc4 52. h5 Kc5 53. h6 Ne5 54. h7 Ng6 55. Kxe3 Kb6 56. Ke4 Kb7 57. Kf5 Nh8 58. Kxf6 Kc7 59. Kg7 Kd7 60. g5 Ke7 61. g6 Ke6 62. Kh6 Nf7+ 63. gxf7 Kxf7 64. Rg1 Rc8 65. Rg8 Rc6+ 66. Kg5 Rc5+ 1-0

[Event "Hamar CC-ch"]
[Site "Hamar"]
[Date "2011.02.17"]
[Round "4"]
[White "Brobakken, Geir"]
[Black "Solbakken, Jan Borge"]
[Result "1-0"]
[WhiteElo "1731"]
[BlackElo "1565"]
[PlyCount "81"]
[EventDate "2011.01.06"]
[EventType "swiss"]
[EventRounds "9"]
[EventCountry "NOR"]
[SourceTitle "EXT 2024"]
[Source "ChessBase"]
[SourceDate "2023.10.10"]
[SourceVersion "1"]
[SourceVersionDate "2023.10.10"]
[SourceQuality "1"]

1. e4 e5 2. Nc3 Nc6 3. Bc4 Nf6 4. d3 a6 5. a4 d6 6. Nge2 Be7 7. 0-0 Bg4 8. f3 Bh5 9. Ng3 Bg6 10. f4 exf4 11. Bxf4 Ne5 12. Bb3 c6 13. d4 Qb6 14. Kh1 Neg4 15. h3 Nh6 16. Qd2 Rd8 17. Bxh6 gxh6 18. Nf5 Ng8 19. Nxe7 Nxe7 20. Rad1 h5 21. Qh6 Rg8 22. Qf4 Rg7 23. e5 d5 24. Qf6 Kf8 25. Ne2 Ng8 26. Qh4 Nh6 27. Ng3 Rg8 28. Qg5 Ng4 29. hxg4 h6 30. Qxh6+ Ke8 31. Nxh5 Bxh5 32. Qxh5 Rg6 33. Rf6 Rxf6 34. exf6 Kd7 35. Qxf7+ Kc8 36. Qe7 Rh8+ 37. Kg1 Kb8 38. f7 c5 39. f8Q+ Rxf8 40. Qxf8+ Ka7 41. Qxc5 1-0

[Event "Hamar CC-ch"]
[Site "Hamar"]
[Date "2010.03.18"]
[Round "6"]
[White "Solbakken, Jan Borge"]
[Black "Woldstad, Trym"]
[Result "1-0"]
[WhiteElo "1545"]
[BlackElo "1286"]
[PlyCount "21"]
[EventDate "2010.01.07"]
[EventType "swiss"]
[EventRounds "9"]
[EventCountry "NOR"]
[SourceTitle "EXT 2024"]
[Source "ChessBase"]
[SourceDate "2023.10.10"]
[SourceVersion "1"]
[SourceVersionDate "2023.10.10"]
[SourceQuality "1"]

1. d4 Nf6 2. Bf4 e6 3. Nf3 d5 4. e3 Be7 5. Bd3 0-0 6. h3 Nbd7 7. Nc3 b6 8. Nb5 Ne8 9. Ne5 Nd6 10. Nc6 Qe8 11. Nxc7 1-0

[Event "Hamar CC-ch"]
[Site "Hamar"]
[Date "2010.02.18"]
[Round "4"]
[White "Nilsen, Thomas"]
[Black "Solbakken, Jan Borge"]
[Result "1-0"]
[WhiteElo "1547"]
[BlackElo "1545"]
[PlyCount "123"]
[EventDate "2010.01.07"]
[EventType "swiss"]
[EventRounds "9"]
[EventCountry "NOR"]
[SourceTitle "EXT 2024"]
[Source "ChessBase"]
[SourceDate "2023.10.10"]
[SourceVersion "1"]
[SourceVersionDate "2023.10.10"]
[SourceQuality "1"]

1. d4 Nf6 2. Nf3 e6 3. c4 b6 4. Bg5 Be7 5. Nc3 Bb7 6. e3 d5 7. Be2 0-0 8. 0-0 Nbd7 9. Nd2 Re8 10. f4 c5 11. Nf3 Ng4 12. Bxe7 Qxe7 13. Qd2 cxd4 14. exd4 dxc4 15. Bxc4 Rad8 16. h3 Nh6 17. Qf2 Nf5 18. Bd3 Nf8 19. Be4 Ng6 20. Bxb7 Qxb7 21. Ne2 Qe4 22. Ng5 Qd3 23. Rfd1 Qb5 24. Nc3 Qc4 25. Ne2 h6 26. Nf3 Qc2 27. Rd2 Qe4 28. Ne5 Ngh4 29. Nc3 Qe3 30. Rad1 f6 31. Ng4 Qxf2+ 32. Kxf2 h5 33. Ne3 Nd6 34. g3 Ng6 35. Kf3 b5 36. g4 b4 37. Na4 hxg4+ 38. hxg4 Nh4+ 39. Kg3 g5 40. Nc5 Rc8 41. fxg5 fxg5 42. Rd3 Rf8 43. Rf1 Rxf1 44. Nxf1 Rf8 45. Nd2 Kf7 46. Nf3 Kf6 47. Nd7+ Ke7 48. Nxf8 Ne4+ 49. Kh2 Nf2 50. Rb3 Nxg4+ 51. Kg3 Nf6 52. Nxh4 gxh4+ 53. Kxh4 a5 54. Ng6+ Kd6 55. Rf3 Ne4 56. Rf8 Nd2 57. Ra8 Nf3+ 58. Kg4 Nxd4 59. Rxa5 Nc6 60. Ra8 e5 61. Kf5 Nd4+ 62. Ke4 1-0

[Event "Hamar op"]
[Site "Hamar"]
[Date "2009.12.03"]
[Round "7"]
[White "Woldstad, Trym"]
[Black "Solbakken, Jan Borge"]
[Result "1-0"]
[WhiteElo "1174"]
[BlackElo "1603"]
[PlyCount "53"]
[EventDate "2009.09.03"]
[EventType "swiss"]
[EventRounds "7"]
[EventCountry "NOR"]
[SourceTitle "EXT 2024"]
[Source "ChessBase"]
[SourceDate "2023.10.10"]
[SourceVersion "1"]
[SourceVersionDate "2023.10.10"]
[SourceQuality "1"]

1. d4 Nf6 2. c4 c6 3. Nc3 d5 4. Nf3 Bf5 5. Bg5 Nbd7 6. e3 h6 7. Bh4 Qa5 8. Rc1 e6 9. a3 Ne4 10. Qb3 Nxc3 11. Rxc3 b6 12. Be2 Bd6 13. 0-0 0-0 14. Rfc1 c5 15. cxd5 cxd4 16. Nxd4 Nc5 17. Qd1 Ne4 18. Rc6 Qxd5 19. f3 Qe5 20. f4 Qd5 21. Bc4 Bg4 22. Bxd5 Bxd1 23. Bxe4 Bxf4 24. exf4 Ba4 25. R6c4 b5 26. Rc5 Rab8 27. b3 1-0

[Event "Hamar op"]
[Site "Hamar"]
[Date "2009.10.15"]
[Round "4"]
[White "Solbakken, Jan Borge"]
[Black "Brobakken, Geir"]
[Result "0-1"]
[WhiteElo "1603"]
[BlackElo "1743"]
[PlyCount "76"]
[EventDate "2009.09.03"]
[EventType "swiss"]
[EventRounds "7"]
[EventCountry "NOR"]
[SourceTitle "EXT 2024"]
[Source "ChessBase"]
[SourceDate "2023.10.10"]
[SourceVersion "1"]
[SourceVersionDate "2023.10.10"]
[SourceQuality "1"]

1. Nf3 d5 2. d4 e6 3. e3 Nf6 4. Nbd2 c5 5. c4 cxd4 6. Nxd4 Nc6 7. N4f3 Bd6 8. a3 a5 9. Be2 0-0 10. cxd5 exd5 11. Nb3 Qe7 12. 0-0 Rd8 13. Nbd4 Be6 14. Qa4 Bd7 15. Qb3 a4 16. Qa2 g5 17. Re1 g4 18. Nh4 Qe5 19. f4 Qh5 20. g3 Ne4 21. Bd3 Nc5 22. Qb1 Nxd4 23. exd4 Nb3 24. Ra2 Re8 25. Be3 Rac8 26. Ng2 Rxe3 27. Nxe3 Nd2 28. Qd1 Nf3+ 29. Kf2 Qxh2+ 30. Ng2 Nxe1 31. Qxe1 h5 32. Qg1 Qh3 33. Ne3 h4 34. Bf1 hxg3+ 35. Qxg3 Qh8 36. Nxg4 Qxd4+ 37. Ne3+ Kf8 38. Kg2 Bxf4 0-1

[Event "Hedmark & Oppland Region-ch Master"]
[Site "Hamar"]
[Date "2009.03.29"]
[Round "1"]
[White "Mellem, Nicolas Axel"]
[Black "Solbakken, Jan Borge"]
[Result "1-0"]
[WhiteElo "2094"]
[BlackElo "1632"]
[PlyCount "49"]
[EventDate "2009.03.28"]
[EventType "swiss"]
[EventRounds "5"]
[EventCountry "NOR"]
[SourceTitle "EXT 2024"]
[Source "ChessBase"]
[SourceDate "2023.10.10"]
[SourceVersion "1"]
[SourceVersionDate "2023.10.10"]
[SourceQuality "1"]

1. e4 c5 2. Nc3 Nc6 3. Nf3 d6 4. d4 cxd4 5. Nxd4 Bd7 6. Be2 Nf6 7. 0-0 g6 8. Be3 Bg7 9. Kh1 Qc8 10. f4 Ng4 11. Bxg4 Bxg4 12. Qd2 0-0 13. Nd5 Qd7 14. f5 Nxd4 15. Bxd4 Bxd4 16. Qxd4 gxf5 17. exf5 h5 18. h3 Be2 19. Rfe1 Ba6 20. Nxe7+ Kh7 21. Qh4 Rh8 22. Qxh5+ Kg7 23. Qg5+ Kf8 24. f6 Rxh3+ 25. Kg1 1-0

[Event "Hedmark & Oppland Region-ch Master"]
[Site "Hamar"]
[Date "2009.03.28"]
[Round "3"]
[White "Solbakken, Jan Borge"]
[Black "Myrene, Jon Kare"]
[Result "1-0"]
[WhiteElo "1632"]
[BlackElo "1851"]
[PlyCount "55"]
[EventDate "2009.03.28"]
[EventType "swiss"]
[EventRounds "5"]
[EventCountry "NOR"]
[SourceTitle "EXT 2024"]
[Source "ChessBase"]
[SourceDate "2023.10.10"]
[SourceVersion "1"]
[SourceVersionDate "2023.10.10"]
[SourceQuality "1"]

1. d4 e5 2. dxe5 Nc6 3. Nf3 Qe7 4. Nc3 Nxe5 5. e4 Nxf3+ 6. Qxf3 Qf6 7. Bd2 Bc5 8. Bc4 c6 9. Qg3 Ne7 10. Na4 Bd6 11. f4 Qg6 12. e5 Qe4+ 13. Be2 Nf5 14. Qd3 Qxa4 15. exd6 g6 16. Bc3 0-0 17. g4 Ng7 18. f5 Re8 19. b4 b6 20. Qd4 Rxe2+ 21. Kxe2 Qxc2+ 22. Kf3 f6 23. Qxf6 Qd3+ 24. Kf2 Qc2+ 25. Kg1 Ne8 26. Qh8+ Kf7 27. Qxh7+ Kf8 28. Qe7+ 1-0

[Event "Hamar CC-ch"]
[Site "Hamar"]
[Date "2009.03.05"]
[Round "5"]
[White "Solbakken, Jan Borge"]
[Black "Allsted, Tom"]
[Result "0-1"]
[WhiteElo "1623"]
[BlackElo "1255"]
[PlyCount "156"]
[EventDate "2009.01.08"]
[EventType "swiss"]
[EventRounds "9"]
[EventCountry "NOR"]
[SourceTitle "EXT 2024"]
[Source "ChessBase"]
[SourceDate "2023.10.10"]
[SourceVersion "1"]
[SourceVersionDate "2023.10.10"]
[SourceQuality "1"]

1. d4 d5 2. Nf3 Nf6 3. e3 a6 4. Be2 Bf5 5. c4 e6 6. Nc3 Nc6 7. a3 Bd6 8. c5 Be7 9. b4 0-0 10. Bb2 Ne4 11. Rc1 Bf6 12. Qb3 Nxc3 13. Qxc3 Be4 14. 0-0 Ne7 15. Nd2 Bg6 16. Rfe1 c6 17. Nf1 Nf5 18. Ng3 Nxg3 19. hxg3 Re8 20. f4 Qc7 21. Kf2 Be4 22. Rh1 h6 23. a4 Qd7 24. Rh2 Bd8 25. Bh5 Rf8 26. Bf3 Bg6 27. Be2 Bc7 28. Bd3 f5 29. Rch1 Qe8 30. Ba3 Rf6 31. Qc2 Bh7 32. g4 Qg6 33. g5 Rf7 34. Be2 hxg5 35. Bh5 Qf6 36. Bxf7+ Kxf7 37. Rxh7 gxf4 38. Qe2 Qg6 39. Qh5 fxe3+ 40. Kxe3 Re8 41. Qxg6+ Kxg6 42. Rh8 Re7 43. Bb2 b6 44. Rc8 bxc5 45. bxc5 Kg5 46. Rhh8 Bf4+ 47. Kf3 Rb7 48. g3 Rb3+ 49. Ke2 Rxb2+ 50. Kd1 Rb1+ 51. Kc2 Rc1+ 52. Kb2 Be3 53. Rxc6 Rg1 54. Kc3 Rxg3 55. Rxe6 Bf2+ 56. Kb4 Bxd4 57. c6 Rc3 58. Ka5 Rc4 59. Kxa6 Rxa4+ 60. Kb5 Rc4 61. Rd8 Rc5+ 62. Ka6 f4 63. Kb7 Rb5+ 64. Kc8 f3 65. c7 f2 66. Kd7 Rb7 67. Rf8 Bf6 68. Re5+ Kg6 69. Rxd5 f1Q 70. Kc8 Rxc7+ 71. Kxc7 Qc4+ 72. Kd6 Be7+ 73. Kxe7 Qxd5 74. Rh8 Qf7+ 75. Kd6 Kf5 76. Rh1 Qe6+ 77. Kc5 Qe5+ 78. Kb6 g5 0-1

[Event "Hamar op"]
[Site "Hamar"]
[Date "2008.11.27"]
[Round "6"]
[White "Solbakken, Jan Borge"]
[Black "Nilsen, Thomas"]
[Result "1-0"]
[WhiteElo "1622"]
[BlackElo "1573"]
[PlyCount "45"]
[EventDate "2008.09.04"]
[EventType "swiss"]
[EventRounds "7"]
[EventCountry "NOR"]
[SourceTitle "EXT 2024"]
[Source "ChessBase"]
[SourceDate "2023.10.10"]
[SourceVersion "1"]
[SourceVersionDate "2023.10.10"]
[SourceQuality "1"]

1. d4 Nf6 2. Nf3 e6 3. g3 d5 4. Bg2 c5 5. c4 Nc6 6. cxd5 exd5 7. dxc5 Bxc5 8. 0-0 0-0 9. a3 Be6 10. b4 Bb6 11. Bb2 Ne4 12. Nbd2 f5 13. e3 a6 14. Nb3 Qe7 15. Rc1 Rad8 16. Nfd4 Nxd4 17. Nxd4 Rc8 18. Rxc8 Rxc8 19. Nxf5 Qd7 20. Nxg7 Bg4 21. Qd3 Bf5 22. Nxf5 Qxf5 23. Bh3 1-0

[Event "Hamar op"]
[Site "Hamar"]
[Date "2008.09.18"]
[Round "2"]
[White "Solbakken, Jan Borge"]
[Black "Hoel, Ole"]
[Result "0-1"]
[WhiteElo "1622"]
[BlackElo "1644"]
[PlyCount "86"]
[EventDate "2008.09.04"]
[EventType "swiss"]
[EventRounds "7"]
[EventCountry "NOR"]
[SourceTitle "EXT 2024"]
[Source "ChessBase"]
[SourceDate "2023.10.10"]
[SourceVersion "1"]
[SourceVersionDate "2023.10.10"]
[SourceQuality "1"]

1. Nf3 d5 2. e3 Nf6 3. c4 c6 4. b3 Bf5 5. Bb2 Nbd7 6. d4 e6 7. c5 b6 8. b4 bxc5 9. dxc5 a5 10. a3 Rb8 11. Nd4 Qc7 12. Qa4 Nxc5 13. Qxc6+ Qxc6 14. Nxc6 Nb3 15. Nxb8 Nxa1 16. Bb5+ Kd8 17. Bxa1 Bxb1 18. 0-0 Kc7 19. Be5+ Kb6 20. a4 Bg6 21. bxa5+ Kxa5 22. Nc6+ Kb6 23. Bd4+ Bc5 24. Bc3 Ra8 25. Rc1 Ne4 26. Be1 Ba3 27. Ra1 Bd6 28. Nd4 Rc8 29. a5+ Ka7 30. Nc6+ Ka8 31. a6 Nc5 32. Nd4 Bd3 33. Bc6+ Ka7 34. Bb4 Nb3 35. Ra4 Nxd4 36. Bxd6 Rxc6 37. Ba3 Ne2+ 38. Kh1 Nc3 39. Rd4 Bxa6 40. Bb2 Rb6 41. Rd2 Ne4 42. Rc2 Kb7 43. h4 Bd3 0-1

[Event "Hamar CC-ch"]
[Site "Hamar"]
[Date "2008.02.28"]
[Round "4"]
[White "Solbakken, Jan Borge"]
[Black "Storli, Frode"]
[Result "1-0"]
[WhiteElo "1603"]
[BlackElo "1424"]
[PlyCount "83"]
[EventDate "2008.01.03"]
[EventType "swiss"]
[EventRounds "9"]
[EventCountry "NOR"]
[SourceTitle "EXT 2024"]
[Source "ChessBase"]
[SourceDate "2023.10.10"]
[SourceVersion "1"]
[SourceVersionDate "2023.10.10"]
[SourceQuality "1"]

1. d4 e5 2. dxe5 Nc6 3. Nf3 Qe7 4. Qd5 d6 5. exd6 cxd6 6. c3 Be6 7. Qd1 Nf6 8. g3 h6 9. Bg2 Qd7 10. Nbd2 Be7 11. b4 Rc8 12. Bb2 d5 13. Qa4 a6 14. a3 Bd8 15. Rd1 b5 16. Qc2 Bf5 17. Qb3 Be6 18. Nd4 Nxd4 19. cxd4 Bb6 20. 0-0 h5 21. Nf3 Qe7 22. Rc1 Rxc1 23. Rxc1 Ne4 24. Qc2 0-0 25. Qc6 Qa7 26. Qc2 Bf5 27. Qb3 Be6 28. Qe3 Re8 29. Ne5 Nd6 30. Nc6 Qb7 31. Qg5 Nc4 32. Rxc4 dxc4 33. d5 f6 34. Bxf6 Qf7 35. Bd4 Bxd4 36. Nxd4 Bd7 37. d6 Qf6 38. Bd5+ Kf8 39. Qxh5 g6 40. Qh6+ Qg7 41. Qf4+ Bf5 42. Nxf5 1-0